[Event "España tch División de Honor Grupo I"]
[Site "Mérida ESP"]
[Date "2005.08.24"]
[Round "1.3"]
[White "Sargissian, Gabriel"]
[Black "Lopez Martinez, Josep Manuel"]
[Result "1/2-1/2"]
[WhiteElo "2611"]
[BlackElo "2507"]
[PlyCount "162"]
[EventDate "2005.08.24"]
[EventType "team"]
[EventRounds "4"]
[EventCountry "ESP"]
[Source "lmi"]
[SourceDate "2005.08.25"]

1. d4 Nf6 2. Nf3 e6 3. c4 d5 4. g3 Bb4+ 5. Bd2 Be7 6. Bg2 c6 7. O-O O-O 8. Qc2
Nbd7 9. Rd1 b6 10. Bf4 Ba6 11. b3 Rc8 12. Nc3 Nh5 13. Bc1 f5 14. a4 Kh8 15. Qb2
Bb4 16. Ne1 Bd6 17. cxd5 cxd5 18. Nd3 f4 19. Nxf4 Nxf4 20. Bxf4 Bxf4 21. gxf4
Qh4 22. Nb5 Nf6 23. f3 Qxf4 24. Qd2 Qb8 25. Rac1 h6 26. Rxc8 Rxc8 27. Rc1 Rxc1+
28. Qxc1 Bxb5 29. axb5 e5 30. Qc3 exd4 31. Qxd4 Qe8 32. Qd3 d4 33. f4 Qd7 34.
Bf3 Kg8 35. Qc4+ Kf8 36. Kf2 Ke7 37. Qd3 Qd6 38. Qf5 Qe6 39. Qd3 Qd6 40. Qf5
Qc5 41. Qd3 g5 42. fxg5 hxg5 43. h3 Qe5 44. Kg2 Qf4 45. Qc2 Qe5 46. Qd3 Qd6 47.
Qg6 Qc5 48. Qg7+ Ke6 49. Qxa7 Qxb5 50. Qg7 Qc5 51. Qg6 Qe5 52. b4 Kd6 53. Qf7
Qe6 54. Qf8+ Qe7 55. Qc8 Ke5 56. Qc4 Qd7 57. Qc1 Kf5 58. Qc2+ Ke5 59. Qg6 Qf5
60. Qg7 Kf4 61. Qc7+ Qe5 62. Qxb6 Nd5 63. Qc5 Ne3+ 64. Kf2 Qxc5 65. bxc5 Ke5
66. Ke1 Nc2+ 67. Kd2 Nb4 68. Ke1 Ke6 69. Bb7 Ke5 70. Bf3 Ke6 71. Kf2 Ke5 72.
Kg3 d3 73. e3 d2 74. Kg4 Kf6 75. Be2 Nd3 76. Kf3 Nxc5 77. Bd1 Ke5 78. Ke2 Ne4
79. Bc2 Nc3+ 80. Kxd2 Nd5 81. Ke2 Nxe3 1/2-1/2

[Event "España tch División de Honor Grupo I"]
[Site "Mérida ESP"]
[Date "2005.08.24"]
[Round "1.4"]
[White "Lacasa Diaz, Jose Antonio"]
[Black "Perez Candelario, Manuel"]
[Result "0-1"]
[WhiteElo "2420"]
[BlackElo "2504"]
[PlyCount "62"]
[EventDate "2005.08.24"]
[EventType "team"]
[EventRounds "4"]
[EventCountry "ESP"]
[Source "lmi"]
[SourceDate "2005.08.25"]

1. e4 e5 2. Nf3 Nc6 3. Bb5 a6 4. Ba4 Nf6 5. d3 d6 6. c3 g6 7. O-O Bg7 8. Nbd2
O-O 9. Re1 b5 10. Bc2 Re8 11. a4 Bb7 12. b4 Nd7 13. Nf1 Nf8 14. Bb2 Ne6 15. Bb3
Qd7 16. Ng3 Ne7 17. d4 exd4 18. cxd4 d5 19. Ne5 Qd6 20. Bc3 Rad8 21. axb5 axb5
22. Qe2 Qb6 23. Rad1 dxe4 24. Nxe4 Bd5 25. Bxd5 Nxd5 26. Qf3 f6 27. Nd3 f5 28.
Nec5 Nxc3 29. Nxe6 Rxe6 30. Rxe6 Qxe6 31. Nf4 Qe4 0-1

[Event "España tch División de Honor Grupo I"]
[Site "Mérida ESP"]
[Date "2005.08.24"]
[Round "1.5"]
[White "Khamrakulov, Ibragim S"]
[Black "Rahal, Michael"]
[Result "1-0"]
[WhiteElo "2515"]
[BlackElo "2415"]
[PlyCount "111"]
[EventDate "2005.08.24"]
[EventType "team"]
[EventRounds "4"]
[EventCountry "ESP"]
[Source "lmi"]
[SourceDate "2005.08.25"]

1. e4 e6 2. d4 d5 3. Nd2 Nf6 4. e5 Nfd7 5. Bd3 c5 6. c3 Nc6 7. Ne2 cxd4 8. cxd4
f6 9. exf6 Nxf6 10. Nf3 Bd6 11. Bf4 Bxf4 12. Nxf4 O-O 13. O-O Ne4 14. Ne2 Rxf3
15. gxf3 Ng5 16. Kh1 e5 17. dxe5 Nxe5 18. Ng1 Qf6 19. Be2 Bd7 20. Qxd5+ Kh8 21.
Rfd1 Bc6 22. Qd6 Ne6 23. Rac1 h6 24. Rxc6 Nxc6 25. Bc4 Rd8 26. Qxe6 Qxe6 27.
Rxd8+ Nxd8 28. Bxe6 Nxe6 29. Ne2 Kh7 30. Kg2 Kg6 31. f4 a5 32. Kf3 Nc5 33. Ke3
Kf5 34. f3 Ke6 35. Kd4 b6 36. Kc4 Nd7 37. Nd4+ Kf6 38. Kb5 g5 39. Kc6 Nc5 40.
Kxb6 Na4+ 41. Kxa5 Nxb2 42. fxg5+ hxg5 43. Kb5 Ke5 44. Ne2 Kd6 45. a4 Nd3 46.
a5 Ne5 47. a6 Kc7 48. f4 gxf4 49. Nxf4 Kb8 50. Nd5 Ka7 51. Ne7 Nf3 52. Nc6+ Ka8
53. h3 Nh4 54. Kb6 Nf5 55. Nb4 Ne3 56. h4 1-0

[Event "España tch División de Honor Grupo I"]
[Site "Mérida ESP"]
[Date "2005.08.24"]
[Round "1.6"]
[White "Vehi Bach, Victor M"]
[Black "Carrasco Martinez, Juan Manuel"]
[Result "1-0"]
[WhiteElo "2404"]
[BlackElo "2419"]
[PlyCount "71"]
[EventDate "2005.08.24"]
[EventType "team"]
[EventRounds "4"]
[EventCountry "ESP"]
[Source "lmi"]
[SourceDate "2005.08.25"]

1. e4 e6 2. d4 d5 3. Nc3 Bb4 4. e5 c5 5. a3 Bxc3+ 6. bxc3 Ne7 7. Qg4 O-O 8. Bd3
f5 9. exf6 Rxf6 10. Bg5 Rf7 11. Qh5 g6 12. Qd1 Nbc6 13. Nf3 Qa5 14. Bd2 Qc7 15.
dxc5 e5 16. Ng5 Rf8 17. c4 d4 18. O-O Bf5 19. Rb1 Nd8 20. Qe2 Nec6 21. Ne4 Kg7
22. Nd6 Bxd3 23. cxd3 b6 24. Nb5 Qd7 25. cxb6 axb6 26. f4 Nf7 27. Qe4 Rae8 28.
f5 Nfd8 29. Qd5 Qxd5 30. cxd5 Ne7 31. Nc7 gxf5 32. Bb4 f4 33. Nxe8+ Rxe8 34.
Bxe7 Rxe7 35. Rxb6 Rd7 36. Rc1 1-0

[Event "España tch División de Honor Grupo I"]
[Site "Mérida ESP"]
[Date "2005.08.24"]
[Round "1.8"]
[White "Socko, Bartosz"]
[Black "Van Wely, Loek"]
[Result "1-0"]
[WhiteElo "2615"]
[BlackElo "2655"]
[PlyCount "69"]
[EventDate "2005.08.24"]
[EventType "team"]
[EventRounds "4"]
[EventCountry "ESP"]
[Source "lmi"]
[SourceDate "2005.08.25"]

1. e4 c5 2. Nf3 e6 3. d4 cxd4 4. Nxd4 a6 5. Bd3 Bc5 6. Nb3 Be7 7. Qg4 g6 8. Qe2
d6 9. Be3 Nd7 10. N1d2 Qc7 11. f4 e5 12. O-O Ngf6 13. f5 b6 14. Rf2 Bb7 15.
Raf1 h6 16. fxg6 fxg6 17. Bc4 Rh7 18. Qd3 b5 19. Be6 Rd8 20. c4 b4 21. Qe2 a5
22. Kh1 a4 23. Nc1 Bc6 24. Nd3 Rb8 25. b3 axb3 26. axb3 Nxe4 27. Nxe4 Bxe4 28.
Bd2 Qb7 29. Nxb4 Nc5 30. Bf7+ Rxf7 31. Rxf7 Nxb3 32. Bc3 Nc5 33. Rh7 Qa8 34.
Rff7 Bf8 35. Ra7 1-0

[Event "España tch División de Honor Grupo I"]
[Site "Mérida ESP"]
[Date "2005.08.24"]
[Round "1.9"]
[White "Zhang, Pengxiang"]
[Black "Markowski, Tomasz"]
[Result "1-0"]
[WhiteElo "2616"]
[BlackElo "2564"]
[PlyCount "73"]
[EventDate "2005.08.24"]
[EventType "team"]
[EventRounds "4"]
[EventCountry "ESP"]
[Source "lmi"]
[SourceDate "2005.08.25"]

1. e4 c5 2. Nf3 e6 3. d4 cxd4 4. Nxd4 a6 5. Nc3 b5 6. Bd3 d6 7. O-O Nf6 8. a4
b4 9. Na2 Qb6 10. Be3 Qb7 11. c3 bxc3 12. Nxc3 Be7 13. b4 Qxb4 14. a5 O-O 15.
Qd2 Qb7 16. Rfb1 Qc7 17. Rc1 Qd8 18. Na4 Bb7 19. Qb2 Qd7 20. Nb6 Qd8 21. Nxa8
Bxa8 22. Qe2 Nxe4 23. Bxe4 Bxe4 24. Nxe6 fxe6 25. Bb6 Qe8 26. Qxe4 Bf6 27. Rab1
Nd7 28. Qd3 Be5 29. Qxa6 Nf6 30. Qc4 Nd5 31. Bd4 Bxd4 32. Qxd4 Qg6 33. Qd2 Nf4
34. f3 e5 35. Kh1 Nd3 36. Rf1 d5 37. Rbd1 1-0

[Event "España tch División de Honor Grupo I"]
[Site "Mérida ESP"]
[Date "2005.08.24"]
[Round "1.10"]
[White "Sanchez Guirado, Francisco Javier"]
[Black "Cifuentes Parada, Roberto"]
[Result "1/2-1/2"]
[WhiteElo "2408"]
[BlackElo "2512"]
[PlyCount "52"]
[EventDate "2005.08.24"]
[EventType "team"]
[EventRounds "4"]
[EventCountry "ESP"]
[Source "lmi"]
[SourceDate "2005.08.25"]

1. d4 d5 2. c4 dxc4 3. Nf3 c5 4. e3 Nf6 5. Bxc4 e6 6. Qe2 a6 7. O-O b5 8. Bb3
Bb7 9. Rd1 Nbd7 10. a4 Qb8 11. axb5 axb5 12. Rxa8 Bxa8 13. Nc3 b4 14. Na4 Be7
15. dxc5 O-O 16. c6 Ne5 17. Nxe5 Qxe5 18. Qc4 Qc7 19. Bd2 Qxc6 20. Qxc6 Bxc6
21. Rc1 Bb5 22. Rc7 Bd6 23. Rc1 Nd7 24. Bd1 Ne5 25. Nc5 Rc8 26. Ba4 Bxa4
1/2-1/2

[Event "España tch División de Honor Grupo I"]
[Site "Mérida ESP"]
[Date "2005.08.24"]
[Round "1.11"]
[White "Gomez Esteban, Juan Mario"]
[Black "Ibañez Aullana, Jose Ramon"]
[Result "1-0"]
[WhiteElo "2467"]
[BlackElo "2314"]
[PlyCount "72"]
[EventDate "2005.08.24"]
[EventType "team"]
[EventRounds "4"]
[EventCountry "ESP"]
[Source "lmi"]
[SourceDate "2005.08.25"]

1. d4 d5 2. c4 e6 3. Nc3 Bb4 4. a3 Bxc3+ 5. bxc3 Ne7 6. e3 O-O 7. Bd3 c5 8. Ne2
Qc7 9. Qc2 g6 10. O-O b5 11. cxd5 c4 12. d6 Qxd6 13. Be4 Nbc6 14. a4 b4 15.
cxb4 Nxb4 16. Ba3 Ned5 17. Qd2 a5 18. Nc3 Ba6 19. Rfb1 Nxc3 20. Qxc3 Rab8 21.
Rb2 Rb6 22. Rab1 Rfb8 23. h3 f5 24. Bf3 Qc7 25. d5 Nxd5 26. Bxd5 exd5 27. Rxb6
Rxb6 28. Rxb6 Qxb6 29. Qe5 Qc6 30. Qe7 Qc8 31. Bc5 c3 32. Bd4 Qf8 33. Qe6+ Qf7
34. Qxa6 c2 35. Qc8+ Qf8 36. Qxc2 Qd8 1-0

[Event "España tch División de Honor Grupo I"]
[Site "Mérida ESP"]
[Date "2005.08.24"]
[Round "1.12"]
[White "Mullor Gomez, Luis"]
[Black "Andres Gonzalez, Alberto"]
[Result "0-1"]
[WhiteElo "2326"]
[BlackElo "2413"]
[PlyCount "118"]
[EventDate "2005.08.24"]
[EventType "team"]
[EventRounds "4"]
[EventCountry "ESP"]
[Source "lmi"]
[SourceDate "2005.08.25"]

1. e4 c6 2. d4 d5 3. exd5 cxd5 4. Bd3 Nc6 5. c3 Nf6 6. Bf4 g6 7. Nf3 Bg7 8. O-O
O-O 9. h3 Ne4 10. Nbd2 Bf5 11. Qe2 Nd6 12. Rfe1 Bxd3 13. Qxd3 b5 14. Nb3 Nc4
15. Re2 Qb6 16. Rae1 Rad8 17. Ne5 a5 18. Nxc6 Qxc6 19. Qg3 e6 20. Be5 Nxe5 21.
dxe5 Qb6 22. Qe3 Qxe3 23. Rxe3 Ra8 24. f4 b4 25. g4 Rfc8 26. Kg2 a4 27. Nd4 a3
28. b3 Bf8 29. cxb4 Bxb4 30. R1e2 Bc3 31. Nb5 Bb2 32. f5 Rc5 33. Nd6 Rc6 34.
fxe6 fxe6 35. h4 Rd8 36. b4 Rb6 37. Rb3 Bxe5 38. Rxe5 Rdxd6 39. Rxa3 Rxb4 40.
g5 Rxh4 41. Kg3 Rh1 42. Ra8+ Kf7 43. Ra7+ Ke8 44. Re2 Rf1 45. Rxh7 Rf7 46. Rh6
Rg7 47. Kf4 d4 48. Ke5 d3 49. Rd2 Ke7 50. Ke4 Rd5 51. Rxd3 Rxg5 52. Rh8 Rf7 53.
Rdd8 Rg4+ 54. Ke3 Kf6 55. Rh3 Ra7 56. Rf3+ Ke5 57. Rd2 Rga4 58. Rg3 Ra3+ 59.
Kf2 Rxa2 0-1

[Event "España tch División de Honor Grupo I"]
[Site "Mérida ESP"]
[Date "2005.08.25"]
[Round "2.1"]
[White "Bologan, Viktor"]
[Black "Gelfand, Boris"]
[Result "1/2-1/2"]
[WhiteElo "2700"]
[BlackElo "2724"]
[PlyCount "111"]
[EventDate "2005.08.24"]
[EventType "team"]
[EventRounds "4"]
[EventCountry "ESP"]
[Source "lmi"]
[SourceDate "2005.08.25"]

1. e4 c5 2. Nf3 d6 3. d4 cxd4 4. Nxd4 Nf6 5. Nc3 a6 6. Be3 e5 7. Nb3 Be6 8. f3
Nbd7 9. Qd2 b5 10. O-O-O Nb6 11. Qf2 Nc4 12. Bxc4 bxc4 13. Na5 Nd7 14. Nc6 Qc7
15. Nb4 Qb7 16. Nbd5 Rb8 17. b3 cxb3 18. cxb3 Be7 19. Kb2 Bd8 20. Rd3 O-O 21.
g4 Kh8 22. Rc1 Ba5 23. Rc2 Rfc8 24. Na4 Qb5 25. Rxc8+ Rxc8 26. Rd1 Nc5 27. Nxc5
dxc5 28. a4 Qc6 29. Qc2 Bd8 30. Rc1 Bxd5 31. exd5 Qxd5 32. Qe4 Qd7 33. Bxc5 h6
34. Rc2 Rb8 35. Ka2 Bf6 36. Ba3 Bg5 37. Bb2 f6 38. h3 Qf7 39. Qd3 Qb7 40. Rc5
Bh4 41. Rd5 Bf2 42. Rd7 Qc8 43. Rd6 a5 44. f4 Bc5 45. Rd5 exf4 46. Rf5 Qc7 47.
Qd5 Bb4 48. Qe6 Bc3 49. Qe4 Bxb2 50. Kxb2 Rc8 51. Qc4 Qxc4 52. bxc4 Rxc4 53.
Rxa5 f5 54. Rxf5 Rxa4 55. Rf8+ Kh7 56. Rb8 1/2-1/2

[Event "España tch División de Honor Grupo I"]
[Site "Mérida ESP"]
[Date "2005.08.25"]
[Round "2.3"]
[White "Lopez Martinez, Josep Manuel"]
[Black "Zhang, Pengxiang"]
[Result "1/2-1/2"]
[WhiteElo "2507"]
[BlackElo "2616"]
[PlyCount "97"]
[EventDate "2005.08.24"]
[EventType "team"]
[EventRounds "4"]
[EventCountry "ESP"]
[Source "lmi"]
[SourceDate "2005.08.25"]

1. e4 c5 2. Nf3 Nc6 3. d4 cxd4 4. Nxd4 Qb6 5. Nb3 Nf6 6. Nc3 e6 7. a3 a6 8. Bf4
e5 9. Be3 Qd8 10. Be2 d6 11. g4 h6 12. h4 Be6 13. Bf3 Be7 14. Nd5 Bxd5 15. exd5
Na5 16. Nd2 Rc8 17. g5 Nd7 18. gxh6 gxh6 19. Be2 b5 20. b4 Nc4 21. Bxc4 bxc4
22. Ne4 Nf6 23. Nc3 Qd7 24. Qe2 Qf5 25. O-O-O Ne4 26. Nxe4 Qxe4 27. Rhg1 h5 28.
Qf1 Qf3 29. Rg3 Qf5 30. Qh1 Rf8 31. Rdg1 c3 32. Bh6 Rh8 33. Rf3 Qd7 34. Bg5
Bxg5+ 35. Rxg5 Qa4 36. Qh3 Qxa3+ 37. Kd1 Rc7 38. Rxf7 Rxf7 39. Qc8+ Ke7 40.
Qe6+ Kd8 41. Qxf7 Qxb4 42. Rg7 Qd4+ 43. Ke1 Qe4+ 44. Kf1 Qh1+ 45. Rg1 Qxh4 46.
Rg7 Qh1+ 47. Ke2 Qe4+ 48. Kf1 Qh1+ 49. Ke2 1/2-1/2

[Event "España tch División de Honor Grupo I"]
[Site "Mérida ESP"]
[Date "2005.08.25"]
[Round "2.4"]
[White "Cifuentes Parada, Roberto"]
[Black "Lacasa Diaz, Jose Antonio"]
[Result "1/2-1/2"]
[WhiteElo "2512"]
[BlackElo "2420"]
[PlyCount "39"]
[EventDate "2005.08.24"]
[EventType "team"]
[EventRounds "4"]
[EventCountry "ESP"]
[Source "lmi"]
[SourceDate "2005.08.25"]

1. Nf3 c5 2. c4 g6 3. e4 Bg7 4. d4 d6 5. Nc3 Qa5 6. Rb1 Bg4 7. d5 Bxc3+ 8. bxc3
Nf6 9. Rxb7 Nbd7 10. Qc2 Bxf3 11. gxf3 Nb6 12. Bg5 Nfd7 13. Bh3 Qa6 14. Bxd7+
Nxd7 15. Rb5 Ne5 16. Qe2 Qa4 17. O-O f6 18. Bf4 Qxc4 19. Qxc4 Nxc4 20. Rfb1
1/2-1/2

[Event "España tch División de Honor Grupo I"]
[Site "Mérida ESP"]
[Date "2005.08.25"]
[Round "2.5"]
[White "Rahal, Michael"]
[Black "Gomez Esteban, Juan Mario"]
[Result "1/2-1/2"]
[WhiteElo "2415"]
[BlackElo "2467"]
[PlyCount "131"]
[EventDate "2005.08.24"]
[EventType "team"]
[EventRounds "4"]
[EventCountry "ESP"]
[Source "lmi"]
[SourceDate "2005.08.25"]

1. e4 c5 2. Nf3 d6 3. c3 Nf6 4. Be2 Nbd7 5. d3 b6 6. O-O Bb7 7. Re1 g6 8. Bg5
Bg7 9. Bf1 h6 10. Bxf6 Nxf6 11. Nbd2 O-O 12. d4 e6 13. e5 dxe5 14. dxe5 Nd7 15.
Bc4 Qc7 16. Qe2 Rad8 17. Rad1 Bxf3 18. Nxf3 Nxe5 19. Nxe5 Rxd1 20. Rxd1 Bxe5
21. g3 Bf6 22. Rd3 Kg7 23. Qe4 h5 24. h4 Rd8 25. Rxd8 Bxd8 26. Kg2 Qd7 27. Qd3
Qc6+ 28. Qf3 Qa4 29. Qd3 Bf6 30. Qe2 Kf8 31. Qd3 Ke7 32. Qe2 Qd7 33. Qd3 Qc7
34. Qe2 Bg7 35. Qe4 Bh6 36. f4 Bg7 37. Kf3 Qd7 38. Qd3 Qc6+ 39. Qe4 Kd6 40.
Qxc6+ Kxc6 41. a4 Kd6 42. Ke4 Ke7 43. Bb5 f5+ 44. Kf3 e5 45. fxe5 Bxe5 46. Bc6
Bg7 47. Bb5 Bh6 48. Bc6 c4 49. Bd5 Bc1 50. b3 cxb3 51. Bxb3 Bd2 52. c4 Kf6 53.
Ke2 Bb4 54. Bd1 Ke5 55. Kf2 Kd4 56. Bf3 Kxc4 57. Bc6 Bc3 58. Be8 Kb4 59. Kf3
Be5 60. Bb5 a6 61. Bxa6 Kxa4 62. Bc4 b5 63. Bf7 b4 64. Bxg6 b3 65. Bxf5 b2 66.
g4 1/2-1/2

[Event "España tch División de Honor Grupo I"]
[Site "Mérida ESP"]
[Date "2005.08.25"]
[Round "2.6"]
[White "Andres Gonzalez, Alberto"]
[Black "Vehi Bach, Victor M"]
[Result "1-0"]
[WhiteElo "2413"]
[BlackElo "2404"]
[PlyCount "111"]
[EventDate "2005.08.24"]
[EventType "team"]
[EventRounds "4"]
[EventCountry "ESP"]
[Source "lmi"]
[SourceDate "2005.08.25"]

1. d4 Nf6 2. Nf3 e6 3. g3 c5 4. c4 cxd4 5. Nxd4 Nc6 6. Bg2 Qb6 7. Nb5 d5 8. O-O
a6 9. Be3 Qa5 10. Nd4 Qc7 11. Nc3 Nxd4 12. Qxd4 dxc4 13. Na4 Bd7 14. Nb6 Rd8
15. Rfd1 Bb5 16. Qxd8+ Qxd8 17. Rxd8+ Kxd8 18. a4 Bc6 19. Bxc6 bxc6 20. Nxc4
Nd7 21. Rd1 Kc8 22. Na5 Nb8 23. Bf4 Bb4 24. Nc4 Nd7 25. Bd6 Bxd6 26. Nxd6+ Kc7
27. Nxf7 Rb8 28. Ng5 Nc5 29. Rc1 Kd6 30. Nf7+ Kd5 31. Rd1+ Kc4 32. Ne5+ Kb3 33.
Rc1 Nxa4 34. Nxc6 Rb6 35. Na5+ Kxb2 36. Rc7 Rb5 37. Nc4+ Ka2 38. Rxg7 Rc5 39.
Ra7 Rxc4 40. Rxa6 Kb3 41. Rxe6 Rc7 42. f4 Nc5 43. Re5 Kc4 44. Kf2 Kb5 45. g4
Kc6 46. h4 Ra7 47. g5 Kd6 48. h5 Ra1 49. g6 hxg6 50. hxg6 Ne6 51. e3 Ra8 52.
Rb5 Rg8 53. f5 Ng5 54. Kg3 Ne4+ 55. Kf4 Nf6 56. Rb6+ 1-0

[Event "España tch División de Honor Grupo I"]
[Site "Mérida ESP"]
[Date "2005.08.25"]
[Round "2.8"]
[White "Karjakin, Sergey"]
[Black "Volokitin, Andrei"]
[Result "1/2-1/2"]
[WhiteElo "2645"]
[BlackElo "2671"]
[PlyCount "105"]
[EventDate "2005.08.24"]
[EventType "team"]
[EventRounds "4"]
[EventCountry "ESP"]
[Source "lmi"]
[SourceDate "2005.08.25"]

1. e4 c5 2. Nf3 e6 3. d4 cxd4 4. Nxd4 Nc6 5. Nc3 Qc7 6. Be3 Nf6 7. f4 Bb4 8.
Ndb5 Qa5 9. e5 a6 10. Nd6+ Bxd6 11. Qxd6 Ne4 12. Qd3 Nxc3 13. Qxc3 Qxc3+ 14.
bxc3 f6 15. exf6 gxf6 16. c4 d5 17. O-O-O d4 18. Bxd4 Nxd4 19. Rxd4 Bd7 20. Be2
Rc8 21. Bf3 Rc7 22. Kd2 Ke7 23. Rb1 b5 24. cxb5 axb5 25. Be2 Ra8 26. Rb2 Rc5
27. Rdb4 Ra5 28. R4b3 Be8 29. a3 Kd6 30. Rb1 Bg6 31. Bd3 Bxd3 32. Rxd3+ Ke7 33.
Rbb3 Ra4 34. g3 Rh5 35. h4 Rc5 36. Rb4 Ra7 37. Rdb3 Rd7+ 38. Kc1 Rdc7 39. Rb2
Rc3 40. R4b3 h5 41. Kd2 Rxb3 42. Rxb3 Rc5 43. Rc3 Rd5+ 44. Ke3 Rd1 45. Rc5 Rg1
46. Kf3 Rf1+ 47. Ke2 Rg1 48. Kf2 Rc1 49. Kg2 f5 50. Kf2 Kd6 51. Rc3 e5 52.
fxe5+ Kxe5 53. Re3+ 1/2-1/2

[Event "España tch División de Honor Grupo I"]
[Site "Mérida ESP"]
[Date "2005.08.25"]
[Round "2.9"]
[White "Eljanov, Pavel"]
[Black "Sargissian, Gabriel"]
[Result "1-0"]
[WhiteElo "2639"]
[BlackElo "2611"]
[PlyCount "59"]
[EventDate "2005.08.24"]
[EventType "team"]
[EventRounds "4"]
[EventCountry "ESP"]
[Source "lmi"]
[SourceDate "2005.08.25"]

1. d4 Nf6 2. c4 e6 3. Nf3 d5 4. Nc3 dxc4 5. e4 Bb4 6. Bg5 c5 7. Bxc4 cxd4 8.
Nxd4 Qa5 9. Bb5+ Bd7 10. Bxf6 gxf6 11. O-O Bxb5 12. Ncxb5 Nc6 13. a3 Nxd4 14.
axb4 Qxb5 15. Qxd4 Ke7 16. Ra5 Qd7 17. Qe3 b6 18. Rh5 Rhg8 19. g3 Rad8 20. Ra1
Rg7 21. Qf4 e5 22. Qf3 Qc7 23. b5 Rd6 24. Rh6 Qd7 25. Kg2 Qb7 26. Ra4 Ke8 27.
Rxf6 Rg6 28. Rxd6 Rxd6 29. Qh5 Qe7 30. Qxh7 1-0

[Event "España tch División de Honor Grupo I"]
[Site "Mérida ESP"]
[Date "2005.08.25"]
[Round "2.11"]
[White "Campora, Daniel H"]
[Black "Khamrakulov, Ibragim S"]
[Result "1-0"]
[WhiteElo "2538"]
[BlackElo "2515"]
[PlyCount "139"]
[EventDate "2005.08.24"]
[EventType "team"]
[EventRounds "4"]
[EventCountry "ESP"]
[Source "lmi"]
[SourceDate "2005.08.25"]

1. Nf3 Nf6 2. g3 b6 3. Bg2 Bb7 4. O-O g6 5. c4 c5 6. Nc3 Bg7 7. d3 d5 8. cxd5
Nxd5 9. Bd2 Nc7 10. a3 O-O 11. b4 Nd7 12. Rb1 Nd5 13. Qb3 Nxc3 14. Bxc3 Bxc3
15. Qxc3 Rc8 16. Qb2 Rc7 17. Rbc1 Qa8 18. Rc2 e5 19. Rfc1 Re8 20. Ne1 Bxg2 21.
Nxg2 Rcc8 22. Ne3 Rcd8 23. bxc5 bxc5 24. Nc4 Qd5 25. Nd2 Rb8 26. Qc3 Rb5 27.
Ne4 f5 28. Nd2 Reb8 29. e4 fxe4 30. dxe4 Qd4 31. Qc4+ Kg7 32. Qe6 Rb2 33. Qe7+
Kh8 34. Nf3 Rxc2 35. Rf1 Rd2 36. Nxd4 Rxd4 37. Rc1 Rc8 38. Rc3 Rf8 39. Kg2 Kg8
40. h4 Rf7 41. Qe8+ Kg7 42. Rf3 Rxf3 43. Kxf3 h5 44. Qe7+ Kg8 45. Ke3 c4 46. f4
c3 47. fxe5 c2 48. Qd8+ Nf8 49. Qc8 Ra4 50. e6 c1=Q+ 51. Qxc1 Nxe6 52. Qc8+ Nf8
53. Qc3 Ra6 54. Qc5 Kf7 55. Qc7+ Kg8 56. Qe7 Ra5 57. e5 Rd5 58. Qxa7 Rxe5+ 59.
Kf3 Rf5+ 60. Ke4 Ne6 61. Qe7 Ng7 62. a4 Rf8 63. Qc7 Rf7 64. Qc8+ Kh7 65. a5 Nf5
66. Qb8 Rf6 67. Ke5 Kg7 68. a6 Ne7 69. Qb7 Rf7 70. Ke6 1-0

[Event "España tch División de Honor Grupo I"]
[Site "Mérida ESP"]
[Date "2005.08.25"]
[Round "2.12"]
[White "Carrasco Martinez, Juan Manuel"]
[Black "Romero Holmes, Alfonso"]
[Result "1-0"]
[WhiteElo "2419"]
[BlackElo "2503"]
[PlyCount "133"]
[EventDate "2005.08.24"]
[EventType "team"]
[EventRounds "4"]
[EventCountry "ESP"]
[Source "lmi"]
[SourceDate "2005.08.25"]

1. d4 Nf6 2. Nf3 d6 3. c4 g6 4. Nc3 Bg7 5. Bg5 O-O 6. e3 c5 7. Be2 cxd4 8. exd4
d5 9. Bxf6 exf6 10. cxd5 b6 11. O-O Na6 12. Bb5 Nc7 13. Bc6 Rb8 14. Re1 b5 15.
b4 a6 16. Qb3 Ne8 17. Ne4 Nd6 18. Nc5 Qc7 19. Rac1 Rd8 20. h3 Bf8 21. Rc2 Qa7
22. Rce2 Kg7 23. Nd2 Rb6 24. Qc3 Qc7 25. Qg3 Qb8 26. Ndb3 Nc4 27. Qxb8 Rxb8 28.
Re8 Rxe8 29. Rxe8 Nd6 30. Nd7 Nxe8 31. Nxb8 Nc7 32. Nc5 Bd6 33. Ne4 Ne8 34.
Nxa6 Bxa6 35. Bxe8 Bxb4 36. d6 Bb7 37. Nc5 Bd5 38. Bxb5 f5 39. Kf1 Kf6 40. Ke2
Bc3 41. Kd3 Ba5 42. Nb3 Bb4 43. d7 Ke7 44. f3 g5 45. Bc4 Bc6 46. Nc5 g4 47. Ke3
f6 48. Be6 gxh3 49. gxh3 f4+ 50. Kxf4 Bd2+ 51. Kg3 Be3 52. Bf5 h6 53. a4 Bd5
54. Be6 Bc6 55. d5 Bxd5 56. Bxd5 Bxc5 57. Bc6 Bb6 58. Kf4 h5 59. Kf5 h4 60. Kg4
Bf2 61. a5 Be1 62. a6 Bf2 63. Bb5 Kd8 64. Kf5 Ke7 65. Ke4 Kd8 66. Kd5 Kc7 67.
Ke6 1-0